Online Catalogue and eLibrary

Feminisms / (Record no. 105)

MARC details
000 -LEADER
fixed length control field 00549cam a2200193 a 4500
001 - CONTROL NUMBER
control field 2108992
005 - DATE AND TIME OF LATEST TRANSACTION
control field 20231130053825.0
008 - FIXED-LENGTH DATA ELEMENTS--GENERAL INFORMATION
fixed length control field 961021s1997 enka b 001 0 eng
020 ## - INTERNATIONAL STANDARD BOOK NUMBER
ISBN 0192892703 (pbk. : acidfree paper)
040 ## - CATALOGING SOURCE (பட்டியலாக்க மூலம்)
Original cataloging agency DLC
Transcribing agency DLC
Modifying agency DLC
082 00 - DDC Classification
Class No. 305.42
DDC Edition Number 21
245 00 - TITLE STATEMENT
Title Feminisms /
Statement of responsibility, etc. edited by Sandra Kemp and Judith Squires.
260 ## - PUBLICATION, DISTRIBUTION, ETC.
Place of publication, distribution, etc. Oxford ;
-- New York :
Name of publisher, distributor, etc. Oxford University Press,
Date of publication, distribution, etc. 1997.
300 ## - PHYSICAL DESCRIPTION
Extent (e.g. Volumes, Pages etc.) xii, 599 p. :
650 #0 - SUBJECT ADDED ENTRY--TOPICAL TERM
Topical term or geographic name entry element Feminism.
700 1# - ADDED ENTRY--PERSONAL NAME
Personal name Kemp, Sandra.
Relator term (Role) Editor
700 1# - ADDED ENTRY--PERSONAL NAME
Personal name Squires, Judith.
Relator term (Role) Editor
942 ## - Koha item type (Biblio)
Koha item type Books in Stacks (Lending)
Holdings
Lost status Damaged status Collection code Home library Current library Date acquired Full call number Accession Number Item type
    Lending WERC Library WERC Library 11/30/2023 305.42 2693 Books in Stacks (Lending)

© WERC Library